000
00507nam a2200169Ia 4500
008
110201s9999 xx 000 0 und d
082
_b
B1239
_a
K 1059
100
_a
पाध्ये भाऊ
245
_a
जेलबर्डस्
260
_b
डिंपल पब्लिकेशन
365
_b
28
600
_a
पाध्ये भाऊ
630
_a
जेलबर्डस्
700
_a
पाध्ये भाऊ
730
_a
जेलबर्डस्
942
_c
BOOK
999
_c
828538
_d
828535